000 00565nam a2200193Ia 4500
005 20250508162043.0
008 008 250505s9999 xx 000 0 eng d
037 _aTextual
040 _aFEDL
_beng
_cFEDL
041 _aeng
_2eng
084 _a370.73, TRI
_qFEDL
100 _aTribhuwan Singh
_9761367
245 0 _aDiffusion of innovations among training colleges of India
260 _aVaranasi, India
_bBharat Bharati Prakashan
_c1978
300 _a139p.
650 _aEducation
942 _cTEXL
_h370.73, TRI
999 _c1374094
_d1374094